000 00741nam a2200265Ia 4500
005 20260302120004.0
008 008 260114s9999 xx 000 0 eng d
020 _a9781509920884
037 _aTextbook
040 _aCRL
040 _beng
040 _cCRL
041 _2eng
041 _aeng
084 _qCRL
100 _aLisa Burton Crawford, Patrick Emerton and Dale Smith
_91123284
245 0 _aLaw Under a Democratic Constitution Essays in Honour of Jeffrey Goldsworthy
260 _bBloomsbury
260 _bHart Publishing
260 _c2019
650 _aLaw
856 _uhttps://dx.doi.org/10.5040/9781509920884?locatt=label:secondary_bloomsburyCollections
942 _cEBOOK
999 _c1688167
_d1688167